000 00306nam a22001337a 4500
008 181002b xxu||||| |||| 00| 0 eng d
020 _a9780721648149
041 _aeng
080 _22nd
_a616.12
100 _a7
101 _aKAR
245 _aCardiovascular drug therapy
_cMesserli,F.H
942 _2udc
_cBK
999 _c48778
_d48778